| 000 | 00766nas a2200265 4500 | ||
|---|---|---|---|
| 001 | BR0804105 | ||
| 003 | BR-BrBNA | ||
| 005 | 20231205111748.0 | ||
| 007 | ta | ||
| 008 | 230509b bl.|||p| |||| 00| 00por d | ||
| 040 |
_aBR-BrBNA _bpor _cBiblioteca Nacional de Agricultura |
||
| 041 | _a(En) | ||
| 072 | _aF01 | ||
| 100 | 1 | _aBisognin, D.A. | |
| 100 | 1 | _aStorck, L. | |
| 100 | 1 | _aCosta, L.C. da | |
| 100 | 1 | _aBandinelli, M.G. | |
| 245 | 1 | _aPlot size variation to quantify yield of potato clones | |
| 650 | _aPLANTA | ||
| 650 | _aPARCELA EXPERIMENTAL | ||
| 650 | _aBATATA | ||
| 773 | 0 |
_tHorticultura Brasileira (Brazil) _xISSN 0102-0536 _g(Out-Dec 2006), v. 24(4) p. 485-488 _wBR0804105 |
|
| 909 |
_a202311 _bLúcia _c55 _dLúcia Elande |
||
| 942 |
_2AGRIS _n0 _cANA |
||
| 999 |
_c194364 _d194364 |
||